| 000 -LEADER | |
|---|---|
| fixed length control field | 00362nam a22001217a 4500 |
| 020 ## - INTERNATIONAL STANDARD BOOK NUMBER | |
| ISBN | 929239725 |
| 050 ## - LIBRARY OF CONGRESS CALL NUMBER | |
| Classification number | BT846.2san |
| 100 ## - MAIN ENTRY--AUTHOR NAME | |
| Personal name | SANDERS,Oswald J |
| 245 ## - TITLE STATEMENT | |
| Title | HEAVEN BETTER BY FAR:Answers to questions about the believers final hope |
| 260 ## - PUBLICATION, DISTRIBUTION, ETC. (IMPRINT) | |
| Place of publication | Grand Rapids, MICH. |
| Name of publisher | Discovery House |
| Year of publication | 1993 |
| 650 ## - SUBJECT ADDED ENTRY--TOPICAL TERM | |
| Topical Term | Heaven, Christianity, Biblical Teaching |
| 942 ## - ADDED ENTRY ELEMENTS (KOHA) | |
| Koha item type | Books |
| Koha item type | Collection code | Shelving location | Accession Number | Permanent Location | Current Location | Date acquired | Full call number |
|---|---|---|---|---|---|---|---|
| Books | Lending | Lending | 9039 | Chapman Library | Chapman Library | 2018-10-25 | BT846.2 |

